| 000 | 00799nam a2200217Ii 4500 | ||
|---|---|---|---|
| 003 | JO-AjNU | ||
| 008 | 230605s9999||||xx |||||||||||||| ||und|| | ||
| 017 | _a1976/5762 | ||
| 020 | _a977-266-113-6 | ||
| 040 |
_aJO-AjNU _bara _erda _cJO-AjNU |
||
| 041 | _aara | ||
| 050 | 1 | 4 | _aLB1043.2.E3.F33 1976 |
| 100 | 3 |
_aفهمي،راميل, _eauthor _915548 |
|
| 245 | 0 | 0 | _aالإتصال التربوي:دراسة ميدانية |
| 264 | 3 | 1 | _aالقاهرة:مكتبة الأنجلو المصرية،1976 |
| 300 | _a279ص | ||
| 336 |
_atext _btxt _2rdacontent |
||
| 337 |
_aunmediated _bn _2rdamedia |
||
| 338 |
_avolume _bnc _2rdacarrier |
||
| 650 | 4 |
_a الأنثروبولوجيا التعليمية-علم الاجتماع التربوي. المدارس-إدارة-لتربية-فلسفة _915549 |
|
| 999 |
_aA4417 _c7985 _d7985 |
||